MDQL
is popping MORE tags! Check the
thread
!
Quizzes
Events
Quiz Creation
Community
Videos
Private Events
Remove Ads
Sign In
Join for FREE
Feedback
Dark Mode
Quiz Categories
Sports
Geography
Music
Movies
Television
Just For Fun
Miscellaneous
History
Literature
Language
Science
Gaming
Entertainment
Religion
Holiday
For Kids
Quiz Lab
Recent
Popular Today
Quiz Kudos Today
Editor Picks
Curator Picks
Quizzes by...
Day
Popularity
Type
Ratings
Length
Year
Community
Subscriptions
Recent Discussions
Orange Saloon
Badges
Playlists
Quests
Create
Leaderboards
Showdown
Live 5
Trivia Bingo
Activity
Puzzle Library
Sporcle Events
Private Events
Virtual Trivia
Globe League
Become a Host
Pub Owners
SporcleCon
Opinionation
Our Games
Videos
Blog
Mobile Apps
Partnerships
Remove Ads and Go Orange
Feedback
Just For Fun
Clickable
Get the Picture
Humor
Quick Pick
Word Ladder
Missing Word
Mixed Word
Blitz
Minefield
This or That
Alphabet
Color
Typing
Sporcle
Puzzle
Word Play
Follow That Line
Logic
Just For Fun
Clickable
Get the Picture
Humor
Quick Pick
Word Ladder
Missing Word
Mixed Word
Blitz
Minefield
This or That
Alphabet
Color
Typing
Sporcle
Puzzle
Word Play
Follow That Line
Logic
Random Quiz
Search Sporcle
×
Quiz Lab
Quiz Lab
Just For Fun
Show
Type in answers that appear in a list
Type in answers that appear in a list
Classic
Best Score? Go Orange.
Less-Known Game Shows Stats
Can you name the Less-Known Game Shows?
By
zachary123
7m
5 Questions
127 Plays
127 Plays
127 Plays
Comments
Comments
Give Quiz Kudos
Give Quiz Kudos
-
- Ratings
hide this ad
Replay
Link that replays current quiz
Next Quiz
Link to next quiz in quiz playlist
You Got
0%
They Got
Avg Score
60%
Avg Friend Score
Upgrade to see
Score Distribution
Jump to the score distribution portion of the page
Score
0/5
Timer
07:00
0
Plays Today
Host(s)
Game Show
% Correct
Michael Reagan, Chuck Woolery
Lingo
78.7%
Jerry Springer
Baggage
73.2%
Kennedy
Friend or Foe?
55.1%
Patrick Duffy, Richard Karn
Bingo America
52%
Mark L. Wahlaberg, Dee Bradley Baker
Shop til' you Drop
44.9%
Quiz Playlist
Details
Report
Send in Message
Add To Playlist
Classic:
Type in answers that appear in a list
Last Updated: Feb 16, 2017
Quiz Scoreboard
CHALLENGE
Sign Up to Join the Scoreboard
Show All
Scores
Hide
Comments
May contain spoilers
Recently Published
Holiday 10x10 Sorting Gallery
by lukepisani3
Holiday
15m
Two Season TV Shows II
by 123Four
Television
10m
Image Sorting: Flags VI
by Barbecue
Geography
2m
More to Explore
Quiz From the Vault
Featured Blog Post
14 Easter Pick-up Lines to Find Eggs With
hide this ad
You Might Also Like...
Tags
Show Quiz
Game Shows
host
Less-known
Running
Today's Top Quizzes in Just For Fun
Browse Just For Fun
hide this ad
Today's Top Quizzes in Show
Browse Show
Top Contributed Quizzes in Just For Fun
1
Name Just One - 10 to 1: Just For Fun
2
Missing Word: 2-Letter A-Z II
3
Eurovision 2024 Countries Logic Puzzle
4
Missing Letter Whitney Houston Songs
5
Avatar the Last Airbender: Logic Puzzle
6
Missing Word: 'Of' Things A-Z
7
Survivor Winners Logic Puzzle
8
It's Magic / Witchcraft 🎩🪄🧙♀️
9
Killer Double Trees 224 - Colour Match-Up
10
Missing Word: 'Of' Things A-Z II
Explore More
Trending Topics
Harry Potter
Disney
Anime
Crossword
NBA
Marvel
Kpop
WWE
Soccer
Pokémon
Song
NFL
Puzzle
Country
The Office
hide this ad
More By:
zachary123
Quiz
Plays
Rating
Category
Featured
Created
Futurama Characters
789
2.57
Television
Jul 7, 2010
MadGab Grab Bag
457
3.33
Miscellaneous
Dec 21, 2010
Dog Breed MadGab
435
3.57
Miscellaneous
Dec 30, 2010
Highways in Massachusetts
409
1.60
Miscellaneous
Jul 25, 2010
Song Mad Gab
371
2.50
Miscellaneous
Dec 28, 2010
Go to Creator's Profile
Score Distribution
Quiz Creator Spotlight
zachary123
Follow
Send a Message
Quizzes Created
-
Created Quiz Play Count
-
More By This Creator
Popular Quizzes Today
1
Find the US States - No Outlines Minefield
2
Colored Red Africa Blitz
3
Find the 'City' Movie
4
The Countries of the World
5
Find the US States
6
5x2 Blitz: Bands
7
Find the Countries of Europe - No Outlines Minefield
8
US States
More Just For Fun Quizzes
Word Ladder: 2021 Emma Stone Movie
Published
Trending Quizzes
Colored Red Europe Blitz I
Colored Red Europe Blitz II
Colored Red Africa Blitz II
Colored Red Europe Blitz III
Colored Red Africa Blitz III
Recently Updated
Odd Team Out - Big 4 Players
pecheneg
Quick Pick: 20 Twenties
pecheneg
March Madness Men's Triple Doubles
pecheneg
How Do You Spell That?
pecheneg
Godzilla Movies
pecheneg
Grab Bag: 4-10 Letters
pecheneg
2024 March Madness Bracket
pecheneg
Famous TV Couples
Peacemaker
Champions League XIs: Real Madrid
pecheneg
Largest US Cities 1790-2010
pecheneg
Trending Topics
NBA
Anime
Disney
Kpop
Crossword
Harry Potter
Marvel
Soccer
Country
Pokémon
The Office
Puzzle
Song
NFL
WWE
Your Account Isn't Verified!
In order to create a playlist on Sporcle, you need to verify the email address you used during registration. Go to your
Sporcle Settings
to finish the process.
Report this User
Report this user for behavior that violates our
Community Guidelines
.
Details:
Send Report
Go to the Sporcle.com Mobile Site →
Comments